000 00402nam a22001697a 4500
003 macl
005 20151226151837.0
008 151226b xxu||||| |||| 00| 0 eng d
040 _cmacl
041 _aEnglish
082 _a320/ALA
100 _aAlamgrre M.
_922916
245 _aDynamics Of Bihar Politics
260 _aNew Delhi
_bAxis Books
_c2014
650 _aPolotics
_922528
942 _2ddc
_cBK
999 _c51970
_d51970